00251nam a2200085Ia 4500008004100000100001900041245007000060260002600130260000900156170620s9999 xx 000 0 und d aN. C. E. R. T. 0aSeventh All India School Education Survey- Provisional Statistics bNew Delhi- N.C.E.R.T. c1996